| 000 | 004770000a22001810004500 | ||
|---|---|---|---|
| 001 | 002770 | ||
| 003 | MACL | ||
| 005 | 20150929151627.0 | ||
| 008 | 150929b xxu||||| |||| 00| 0 eng d | ||
| 040 |
_aMACL _cMACL |
||
| 041 | _aEnglish | ||
| 082 | _a910/NOR | ||
| 100 |
_aNoronha, Ligia _912794 |
||
| 245 |
_aCoastal Tourism, Environment, and Sustainable Local Development _cLigia Noronha |
||
| 260 |
_aNew Delhi _c2003 _bTERI, |
||
| 650 |
_aTravel _9137 |
||
| 942 |
_k910 _cBK _2ddc |
||
| 999 |
_c14679 _d14679 |
||